<?xml version="1.0" encoding="UTF-8"?>
<marc:record xmlns:marc="http://www.loc.gov/MARC21/slim">
   <marc:leader>00000nam a2200000 a 4500</marc:leader>
   <marc:datafield ind1="0" ind2="0" tag="245">
      <marc:subfield code="a">Point Break</marc:subfield>
   </marc:datafield>
   <marc:datafield ind1="0" ind2="0" tag="245">
      <marc:subfield code="b">Gefährliche Brandung</marc:subfield>
   </marc:datafield>
   <marc:datafield ind1=" " ind2="1" tag="264">
      <marc:subfield code="a">Hamburg</marc:subfield>
      <marc:subfield code="b">Warner Home Video</marc:subfield>
      <marc:subfield code="c">2011</marc:subfield>
   </marc:datafield>
   <marc:datafield ind1="1" ind2=" " tag="490">
      <marc:subfield code="a">2</marc:subfield>
   </marc:datafield>
   <marc:datafield ind1="1" ind2=" " tag="520">
      <marc:subfield code="a">Der junge FBI-Agent Johnny "Utah" infiltriert ein Team von Extremsportlern, das unter der Führung des charismatischen Bodhi steht und verdächtigt wird, weltweit eine Reihe von beispiellosen und besonders ausgeklügelten Angriffen auf Großunternehmen begangen zu haben. Auf seiner gefährlichen Undercover-Mission versucht Utah nicht nur mit der Gang mitzuhalten und selbst am Leben zu bleiben, sondern auch, seine neuen Kumpels als die Urheber der wahnwitzigen Verbrechen zu überführen, die das Bestehen der weltweiten Finanzmärkte bedrohen.</marc:subfield>
   </marc:datafield>
   <marc:datafield ind1=" " ind2=" " tag="020">
      <marc:subfield code="a">5051890028655</marc:subfield>
      <marc:subfield code="9">5051890028655</marc:subfield>
   </marc:datafield>
   <marc:datafield ind1=" " ind2=" " tag="500">
      <marc:subfield code="a">ab 16 Jahren</marc:subfield>
   </marc:datafield>
   <marc:datafield ind1="0" ind2=" " tag="490">
      <marc:subfield code="v">0</marc:subfield>
   </marc:datafield>
   <marc:datafield ind1=" " ind2=" " tag="300">
      <marc:subfield code="a">ca. 117 Min.</marc:subfield>
   </marc:datafield>
</marc:record>
